Tratado teológico-político (Selección). Tratado político.

Enregistré dans:
Détails bibliographiques
Auteur principal: Spinoza, Baruch 1632-1677 (autor)
Autres auteurs: Tierno Gavilán, Enrique (estudio preliminar y traducción)
Format: Livre
Publié: Madrid, España: Tecnos, 1996.
Édition:Tercera edición.
Collection:Clásicos del Pensamiento,
Sujets:
Tags: Ajouter un tag
Pas de tags, Soyez le premier à ajouter un tag!

MARC

LEADER 00000nam a22000007a 4500
003 CL-VaPUC
005 20220822114637.0
008 220718t1996 ||||| |||| 00| 0 eng d
999 |c 437166  |d 437164 
020 |a 84-309-1212-6 
040 |c Pontificia Universidad Católica de Valparaíso 
082 7 |a 199.492 SPI 1996  |2 22 
100 |a Spinoza, Baruch  |d 1632-1677  |e autor  |9 534975 
245 |a Tratado teológico-político (Selección).  |b Tratado político.  
250 |a Tercera edición.  
260 |a Madrid, España:  |b Tecnos,   |c 1996. 
300 |a 262 páginas.  
490 |a Clásicos del Pensamiento,   |n  10. 
500 |a c.1 Donación Familia Prof. Alejandro Guzmán Brito 
583 |c 20220718  |k Cristina María Rojas Aguilar 
650 0 |a Filosofía holandesa   |9 319728 
650 |a Ciencia política  |9 324218 
700 |a Tierno Gavilán, Enrique  |e estudio preliminar y traducción   |9 873162 
942 |2 ddc  |c BK  |n 0 
952 |0 0  |1 0  |2 ddc  |4 0  |6 199_492000000000000_SPI_1996  |7 0  |8 C_AGB  |9 584917  |a BIBDER  |b BIBDER  |d 2022-07-18  |e Donación   |i 5653028  |o 199.492 SPI 1996  |p 5653028  |r 2023-01-25  |t 1  |w 2022-07-18  |y BK_US  |k AGB